000 01001nam0a22002891 4500
001 RU\INFOCOMM_322\NLR\5000113185
005 20250613104324.0
035 _a(NLR Aleph) 009491631
090 _a8652548
_c8652548
100 _a20121217d1969 |||y0rusy50 ca
101 1 _aeng
_crus
102 _aRU
105 _ay z |||||
200 1 _aChemical engineering
_fD. Kuznetsov
_gTransl. from the Russ. by George Koval, Cand. Sc. (Eng.)
210 _aM.
_c"Mir"
_d1969
215 _a330 с.
_cил.
_d20 см
300 _aДоп. тит. л. на рус. яз.: Д. А. Кузнецов. Общая химическая технология
513 1 _aОбщая химическая технология
_zrus
620 _aМосква
686 _aТ13-0
_2rubbk
700 1 _9z01790
_aKuznecov
_bD. A.
_gDmitrij Afanas'evič
790 1 _9z01700
_aKuznetsov
_bD.
_4070
801 1 _aRU
_bInfocomm
_c20121217
801 0 _aRU
_bINFOCOMM
_gPSBO
852 _aNLR
_jТ45 Д-3/20
942 _cBOOK
980 _aNB